LEADER 01113nam a2200265 i 4500 001 000000049576 003 CaOOAMICUS 005 20080820000000.0 008 080820s1979 xx u000 u fre u 013 $a20747 040 $aSeMil$bita 100 1 $aDickens, Charles,$d<1812-1870>.$0(OLS)http://semarc/name/6853 245 13$aLa Maison d'Apre-Vent :$brécits pour Noël et autres /$cCharles Dickens ; textes traduits, présentés et annotés par Sylvère Monod. 260 $a[Paris] :$bGallimard,$ccopyr. 1979. 300 $aXVII, 1715 p. ;$c18 cm. 490 0 $aBibliothèque de la pléiade 500 $aFondo Ciprandi. 700 1 $aMonod, Sylvère.$0(OLS)http://semarc/name/24549 830 0$aBibliothèque de la Pléiade.$0(OLS)http://semarc/title/42418 850 $aSeMil 852 $aSeMil$W1$xVenegono$y1$m1W IV 198$j15731$B15731$CSeMilBibl$Z2$F15731 $81 941 1 $a1 961 $aOmaggio: Ciprandi dott. Paolo 996 $6245$aLa Maison d'Apre-Vent :$brécits pour Noël et autres$9(OLS)http://semarc/title/75438 996 $6260$a[Paris] :$bGallimard$9(OLS)http://semarc/publisher/30050 LEADER 01523nam a2200301 i 4500 001 000000079818 003 CaOOAMICUS 005 20170515000000.0 008 170515s2013 it u000 u ita u 013 $a52056 020 $a978-88-215-7700-0 040 $aSeMil$bita 100 1 $aFoucauld, Charles : de,$d<1858-1916>.$0(OLS)http://semarc/name/3237 245 10$aMeditazioni sulla passione del Signore /$cCharles de Foucauld ; a cura di Eustacchio Imperato. 260 $aCinisello Balsamo :$bSan Paolo,$c2013. 300 $a73 p. ;$c18 cm. 490 0 $aIl tempo e i tempi : quaderni e sussidi per la preghiera della comunità cristiana 500 $aIn appendice: Passione di Nostro Signore Gesù Cristo secondo Marco. 650 4$aFoucauld, Charles : de - Cristologia.$0(OLS)http://semarc/subject/27173 650 4$aGesù Cristo - Passione - Meditazioni.$0(OLS)http://semarc/subject/5151 700 1 $aImperato, Eustacchio.$0(OLS)http://semarc/name/91295 830 3$aIl tempo e i tempi : quaderni e sussidi per la preghiera della comunità cristiana.$0(OLS)http://semarc/title/403659 850 $aSeMil 852 $aSeMil$W1$xVenegono$y1$m5B III 47/4$j45447$B45447$CSeMilBibl$Z2$F47415 $81 961 $aLascito: Coronelli don Renato 996 $6020$a978-88-215-7700-0$9(OLS)http://semarc/number/270628 996 $6245$aMeditazioni sulla passione del Signore$9(OLS)http://semarc/title/403658 996 $6260$aCinisello Balsamo :$bSan Paolo$9(OLS)http://semarc/publisher/30129